000 01134nac a22002771u 4500
010 _a 2007019619
020 _a9780849342059 (alk. paper)
020 _a0849342058 (alk. paper)
035 _a(OCoLC)ocm76936102
035 _a(OCoLC)76936102
082 0 0 _a620.118
_bMAL
090 _c7889
_d7889
100 _aMallick, P. K.,
245 1 0 _aFiber-reinforced composites :
_bmaterials, manufacturing, and design /
_cP.K. Mallick.
250 _a3rd ed., [expanded and rev. ed.]
260 _aBoca Raton, FL :
_bCRC Press,2008
_cc2008.
300 _axvii, 619 p. :
_bill. ;
_c25 cm.
500 _adistributer: Al-Ahram
504 _aIncludes bibliographical references and index.
511 _acatalogued by: wessam
650 0 _aFibrous composites.
856 4 1 _3Table of contents only
_uhttp://www.loc.gov/catdir/toc/ecip0717/2007019619.html
856 4 1 _3Publisher description
_uhttp://www.loc.gov/catdir/enhancements/fy0727/2007019619-d.html
942 _cBB
_k620.118MAL
999 _c7889
_d7889